000 00538ntaaa2200205 4500
003 01
005 20251027202721.0
008 0714s1973 ag 01
040 _aAR-BaBN
_bspa
_cAR-BaBN
_eaacr
_dRIC
082 _a613.9400 L55s
100 _aLeonard, Ann
_926982
245 _aSin palabras
250 _a2 ed.
260 _aMéxico :
_bPiata,
_c1984
300 _a12 p ;
_cfiguras : 23 cm
500 _aMaterial impreso para personas analfabetas
650 _acontrol natalidad
_926983
650 _aanalfabetismo
_926984
942 _cBK
999 _c22389
_d22389